000 00758nas a2200229 i 4500
005 20260520102448.0
007 ta
008 260520e2009 dr qn|p|r||||||0| |0spa dspa
040 _aDO-SdBNP
_bspa
_cBNPHU
_erda
041 _hspa
245 _aSomos Magazine.
264 _aSanto Domingo,RD :
_bCreartex,
_c2009.
300 _avolumes :
_bIlustraciones, fotografía ;
_c28cm.
310 _aTrimestral.
336 _atexto
_btxt
_2rdacontent
337 _asin mediación
_bn
_2rdamedia
338 _avolumen
_bnc
_2rdacarrier
362 _aAño1. numero1, octumbre-diciembre, 2009.
500 _aEste recurso por su particularidad no esta completo en nuestros registro.
650 0 _aVariedades
_vPublicaciones periódicas
_989561
_zRD
942 _2ddc
_cISSUE
999 _c60792
_d60792